Pays américains commençant et finissant par une consonne - Statistiques

Statistiques générales
  • Ce quiz a été pris 81 fois
  • Le résultat moyen est 4 sur 6
Statistiques - réponses
Pays % Correct
Brésil
85%
Honduras
75%
Salvador
68%
Bahamas
66%
Saint-Vincent-et-les-Grenadines
62%
Saint-Christophe-et-Niévès
59%
Aucun quiz correspondant
Distribution des résultats
% des personnes avec chaque résultat
Percentile par nombre de réponses
Votre historique - résultats
Vous n’avez pas pris ce quiz